The loved one? (Record no. 70729)

MARC details
000 -LEADER
fixed length control field 01219cam a2200217 4500
001 - CONTROL NUMBER
control field ABS65771
008 - FIXED-LENGTH DATA ELEMENTS--GENERAL INFORMATION
fixed length control field 020715n2002 000 0 eng u
035 ## - SYSTEM CONTROL NUMBER
System control number (Sirsi) u118818
100 ## - MAIN ENTRY--PERSONAL NAME
Personal name Knutt, E
245 #4 - TITLE STATEMENT
Title The loved one?
260 ## - PUBLICATION, DISTRIBUTION, ETC.
Date of publication, distribution, etc. 2002
490 ## - SERIES STATEMENT
Series statement Estates Gazette
Volume/sequential designation (0225) 22 June 2002, 75-77(3)
520 ## - SUMMARY, ETC.
Summary, etc. Discusses the private care home sector and suggests that a joint venture between PRICOA and US operator Sunrise Assisted Living could see a resurgence in what is known to be a difficult sector. Presents the pros and cons of investing in the care home sector, and gives the views of agents, some of whom argue that the supply/demand balance is favouring the operator and that well managed homes trading at high occupancy levels can make reasonable returns. Concludes that while managing care homes is difficult and the sector does not appeal to the general property investor, Sunrise's entry into the market could turn this around. Details of Sunrise's proposed UK roll-out.
590 ## - LOCAL NOTE (RLIN)
Local note ABS
650 ## - SUBJECT ADDED ENTRY--TOPICAL TERM
Topical term or geographic name entry element CARE HOMES
650 ## - SUBJECT ADDED ENTRY--TOPICAL TERM
Topical term or geographic name entry element PRIVATE CARE HOME SECTOR
650 ## - SUBJECT ADDED ENTRY--TOPICAL TERM
Topical term or geographic name entry element OPERATORS
650 ## - SUBJECT ADDED ENTRY--TOPICAL TERM
Topical term or geographic name entry element PROPERTY INVESTMENT
690 ## - LOCAL SUBJECT ADDED ENTRY--TOPICAL TERM (OCLC, RLIN)
Topical term or geographic name as entry element PROPERTY MANAGEMENT-RESIDENTIAL PROPERTY
942 ## - ADDED ENTRY ELEMENTS (KOHA)
Suppress in OPAC 0
Holdings
Withdrawn status Lost status Source of classification or shelving scheme Damaged status Not for loan Home library Current library Shelving location Date acquired Total Checkouts Full call number Barcode Date last seen Copy number Price effective from Koha item type
    Dewey Decimal Classification     London London Journal article 15/07/2002   ABS65771 118818-1001 06/08/2019 1 06/08/2019 Journal article